| 000 | 00647nam a22002297a 4500 | ||
|---|---|---|---|
| 003 | OSt | ||
| 005 | 20140310181733.0 | ||
| 008 | 130319t xxu||||| |||| 00| 0 eng d | ||
| 020 | _a9781400082773 | ||
| 050 |
_aE 185.97.O23 _b.A3 2004 |
||
| 082 |
_aE185.97.O23 _b.A3 1995 |
||
| 100 |
_aObama, Barack _91540 |
||
| 245 |
_aDreams from my father : _ba story of race and inheritance / _cBarack Obama |
||
| 260 |
_aNew York : _bThree Rivers Press, _cc1995. |
||
| 300 |
_a457 p. _c20 cm. |
||
| 521 | _aFaculty | ||
| 541 | _j1 | ||
| 562 | _e1 | ||
| 650 |
_aBlacks _xBiography _91541 |
||
| 650 |
_aObama, Barack _91542 |
||
| 942 |
_2lcc _cBK-TR _kTR |
||
| 999 |
_c2481 _d2481 |
||